Statistics for The Loud House children

Click here to take the quiz!

General Stats

  • This quiz has been taken 47 times
  • The average score is 9 of 11

Answer Stats

CharacterAge (seasons 1-4)% Correct
Lori17
92%
Lincoln11
89%
Lola6 (twins)
89%
Lucy8
89%
Leni16
86%
Lily1
86%
Lana6 (twins)
83%
Luna15
83%
Lisa4
81%
Luan14
81%
Lynn13
78%

Score Distribution

Percentile by Number Answered

Percent of People with Each Score

Your Score History

You have not taken this quiz